000 00675nam a2200121Ia 4500
008 220616s9999||||xx |||||||||||||| ||und||
245 0 _aGeographical Indication and Global Agri-Food
_bDevelopment and Democratization
546 _aEnglish[eng]
650 _aApplied ecology||Environmental science, engineering and technology||Society and culture: general||Rural communities||Cultural studies: food and society||Sustainable agriculture
700 _aBonanno, Alessandro||Sekine, Kae||Feuer, Hart N.
856 _uhttps://library.oapen.org/bitstream/20.500.12657/46918/1/9780429895135.pdf||https://library.oapen.org/bitstream/20.500.12657/46918/1/9780429895135.pdf
942 _cEB
999 _c19765
_d19765